Genre analysis (رقم التسجيلة. 29865)
[ عرض عادي ]
| 000 -الفاتح | |
|---|---|
| حقل البيانات ثابتة الطول | 00774nam a22002177a 4500 |
| 003 - محدد رقم الضبط | |
| رقم الضبط | OSt |
| 005 - وقت وتاريخ اخر تعامل مع التسجيلة | |
| رقم الضبط | 20150408114132.0 |
| 008 - عناصر البيانات ثابتة الطول - معلومات عامة | |
| حقل البيانات ثابتة الطول | 130425s 1990xxu||||g |||| 00| 0 eng d |
| 040 ## - مصدر الفهرسة | |
| وكالة الفهرسة الأصلية | Ma-ua |
| 082 ## - رقم تصنيف ديوى العشرى | |
| رقم الطبعة | 20 |
| رقم التصنيف | 428 |
| رقم المادة | SJG |
| 100 ## - المدخل الرئيسى - إسم شخصى | |
| الإسم الشخصى | Swales, John M., |d 1938- |
| 9 (RLIN) | 35633 |
| 245 ## - بيان العنوان | |
| العنوان | Genre analysis |
| بقية العنوان | English in academic and research settings / |
| بيان المسئوليه,etc | John M. Swales. |
| 260 ## - PUBLICATION, DISTRIBUTION, ETC. (IMPRINT) | |
| مكان الناشر او الموزع | Cambridge : . |
| اسم الناشر او الموزع | Cambridge University Press |
| تاريخ النشر أو التوزيع | 1990 |
| 300 ## - الوصف المادى | |
| التعداد | 1 v. ; |
| أبعاد الوعاء | 23cm. |
| 490 ## - بيان السلسلة | |
| عنوان السلسلة | The Cambridge applied linguistics series |
| 504 ## - تبصرة ببليوجرافية | |
| تبصرة ببليوجرافية,الخ | Includes bibliography and index.Includes bibliography and index. |
| 650 ## - المدخل الاضافى بالموضوع-مصطلح موضوعى | |
| مصطلح موضوعي أو اسم جغرافي كعنصر مدخل | English language |
| التقسيم الفرعي العام | Study and teaching (Higher) |
| 9 (RLIN) | 35634 |
| 650 ## - المدخل الاضافى بالموضوع-مصطلح موضوعى | |
| مصطلح موضوعي أو اسم جغرافي كعنصر مدخل | Interdisciplinary approach in education. |
| 9 (RLIN) | 35635 |
| 653 ## - مصطلح تكشيفى غير مقيد | |
| مصطلح غير مقيد | English language |
| 942 ## - عناصر المدخل الإضافي( كوها) | |
| مصدر التصنيف او مخطط الترفيف | Dewey Decimal Classification |
| Koha [default] item type | كتاب |
| حالة الفقد | نموذج السعر الفعال | حالة تلف | ليس للاعارة | رقم الطلب | رقم النسخة | تاريخ الاكتساب | الموقع الحالي | الباركود | الفرع الرئيسي | Total Renewals | Date last checked out | Date last seen | نوع المادة فى نظام كوها | مصدر التصنيف او خطة الترفيف | Total Checkouts | مُعار |
|---|---|---|---|---|---|---|---|---|---|---|---|---|---|---|---|---|
| 2013-04-25 | Not For Loan | 428 SJG | 1 | 2013-04-25 | المكتبة المركزية بالمجمعة (CL) | 00305782 | المكتبة المركزية بالمجمعة (CL) | 1 | 2014-03-31 | 2014-08-26 | كتاب | Dewey Decimal Classification | 1 | |||
| 2013-04-25 | 428 SJG | 2 | 2013-04-25 | المكتبة المركزية بالمجمعة (CL) | 00305781 | المكتبة المركزية بالمجمعة (CL) | 2013-06-09 | 2013-06-09 | كتاب | Dewey Decimal Classification | 1 | 2013-10-07 | ||||
| 2013-04-25 | 428 SJG | 3 | 2013-04-25 | المكتبة المركزية بالمجمعة (CL) | 00305780 | المكتبة المركزية بالمجمعة (CL) | 1 | 2014-02-09 | 2015-01-26 | كتاب | Dewey Decimal Classification | 1 |
